000 00784nam a2200277Ia 4500
003 OSt
005 20220912150918.0
006 a|||||r|||| 00| 0
007 ta
008 220909b |||||||| |||| 00| 0 eng d
024 _a27310
037 _cTextual
040 _aCSL
_beng
_cCSL
041 _aeng
082 _aB281, M5
100 _aFabian Vaclav
245 0 _aIntroduction to probability and mathematical statistics
260 _aNew York
_b John Wiley
_c1985
300 _axi, 466p.
_ccm.
490 _aWiley ries in probability and mathematical statistic
650 _a mathematical statistics
650 _aprobability
700 _a Hannan James
942 _hB281, M5
_cTEXL
_2CC
999 _c57387
_d57387